000 00679nam a2200253Ia 4500
003 OSt
005 20220918164853.0
006 a|||||r|||| 00| 0
007 ta
008 220917b |||||||| |||| 00| 0 eng d
020 _a0803971877 (hbk)
024 _a156,838
037 _cTextual
040 _aARTS
_cARTS
_beng
041 _2eng
_aeng
082 _aS2:7:7, P0
100 _aKroger Jane
_921377
245 0 _aIdentity development
_b adolescence through adulthood
260 _aNew Delhi
_bSage Publications
_c2000
300 _axiv, 295p.
_ccm.
650 _aPSYCHOLOGY
942 _hS2:7:7, P0
_cTEXL
_2CC
999 _c127117
_d127117